Three decades of political and socio economic struggle / (Record no. 67057)
[ view plain ]
| 000 -LEADER | |
|---|---|
| fixed length control field | 01208nam a22002417a 4500 |
| 005 - DATE AND TIME OF LATEST TRANSACTION | |
| control field | 2012052204034.0 |
| 010 ## - LCCN (DPL NO) | |
| LC control number | B-463453-454 |
| 020 ## - INTERNATIONAL STANDARD BOOK NUMBER | |
| International Standard Book Number | 9788176256421 (set) |
| Terms of availability | 3200.00 (set of 2 vols) |
| 035 ## - SYSTEM CONTROL NUMBER | |
| System control number | B-463453-454 |
| 037 ## - SOURCE OF ACQUISITION | |
| Source of stock number/acquisition | RBC/Ven |
| 082 ## - DEWEY DECIMAL CLASSIFICATION NUMBER | |
| Classification number | 954.084 |
| 100 ## - MAIN ENTRY--PERSONAL NAME | |
| Personal name | Sagar, R. S. |
| 245 ## - TITLE STATEMENT | |
| Title | Three decades of political and socio economic struggle / |
| Statement of responsibility, etc | by R S Sagar |
| 260 ## - PUBLICATION, DISTRIBUTION, ETC. (IMPRINT) | |
| Place of publication, distribution, etc | New Delhi |
| Name of publisher, distributor, etc | Sarup Book Publishers |
| Date of publication, distribution, etc | 2010 |
| 300 ## - PHYSICAL DESCRIPTION | |
| Extent | 2v. (408p. ; 356p.) |
| Dimensions | 23 cm. (Hb) |
| 490 ## - SERIES STATEMENT | |
| Series statement | Studies in modern Indian history |
| -- | 48028 |
| 500 ## - GENERAL NOTE | |
| General note | Includes index |
| 505 ## - FORMATTED CONTENTS NOTE | |
| Formatted contents note | v.1-- 1885-1910. v.2-- 1911-1919. |
| 942 ## - ADDED ENTRY ELEMENTS (KOHA) | |
| Source of classification or shelving scheme | Dewey Decimal Classification |
| Item type | English Books |
| Classification part | 954.084 |
| Call number suffix | SAG |
| Withdrawn status | Lost status | Materials specified (bound volume or other part) | Not for loan | Collection code | Home library | Current library | Date acquired | Source of acquisition | Cost, normal purchase price | Full call number | Barcode | Copy number | Cost, replacement price | Koha item type |
|---|---|---|---|---|---|---|---|---|---|---|---|---|---|---|
| V.1 | Non-fiction | Central Library | Central Library | 28/05/2012 | RBC/27489/07.02.2012/26/18.01.2012/17.02.2012 | 3200.00 | 954.084 SAG | B-463453 | 1 | 3200.00 | English Books | |||
| V.2 | Non-fiction | Central Library | Central Library | 28/05/2012 | RBC/27489/07.02.2012/26/18.01.2012/17.02.2012 | 3200.00 | 954.084 SAG | B-463454 | 1 | 3200.00 | English Books |
